Albanian 2010s Music Quiz: Name the Artist - Statistics

General Stats
  • This quiz has been taken 32 times
  • The average score is 7 of 30
Answer Stats
Song Release Date Artist % Correct
Nuk kan besu 2019 Noizy
70%
Ku vajti 2018 Elvana Gjata
63%
Nëntori 2016 Arilena Ara
52%
123 2016 Besa & Flori
52%
Te ka lali shpirt 2013 Silva Gunbardhi, Mandi & Dafi Derti
52%
Syn i jemi 2016 Young Zerka & Ronela Hajati
44%
Skifterja zemres 2017 Bes Kallaku & Klajdi Haruni
41%
Celsi i zemres 2017 Xhensila Myrtezaj
41%
Unë dhe ti 2016 Alban Skënderaj
37%
Mos u dorzo 2017 Stresi
33%
A po t'pëlqen 2014 Enca
26%
Burre te martuar dashurova 2013 Rovena Stefa
22%
Nuk ka dashni 2017 Stealth & Vinz
19%
Pa mua 2018 Anxhela Peristeri
15%
Te molla 2018 Arnon & Killua
15%
Ma zgjat doren 2019 Eneda Tarifa
15%
A më do 2016 Alban Ramosaj
11%
Fustani 2017 Aurela Gaçe
11%
Ku ma le 2019 Samanta Karavella
11%
Larg 2019 Elgit Doda
7%
E ngrirë 2017 Elhaida Dani
7%
Jam bere si ti 2015 Jonida Maliqi
7%
Pres të më thërrmosh 2018 Eranda Libohova
4%
Pa faj 2017 Kastro Zizo & Rea Nuhu
4%
Vetem ty 2018 Luana Vjollca
4%
Ti se di perse 2013 Miriam Cani
4%
Rri edhe pak 2016 Olta Boka
4%
Ma thuaj ti 2016 Rozana Radi
4%
Mos bo zo 2016 Sabina Dana
4%
Zemer 2019 Tiri Gjoci
4%
No matching quizzes found
Score Distribution
Percent of People with Each Score
Percentile by Number Answered
Your Score History
You have not taken this quiz